| 000 | 00904cam a2200289 i 4500 | ||
|---|---|---|---|
| 999 |
_c200429282 _d47206 |
||
| 001 | 200429282 | ||
| 003 | TR-AnTOB | ||
| 005 | 20260202105412.0 | ||
| 007 | ta | ||
| 008 | 121211s2014 tu 000 0 tur d | ||
| 040 |
_aBGZ _beng _erda _cTR-AnTOB _dTR-AnTOB |
||
| 041 | 0 | _atur | |
| 050 | _aDR592.K4 | ||
| 090 |
_aDR592.K4 _bG536 2014 |
||
| 100 | 1 |
_aGranda, Cemal _eauthor _9119476 |
|
| 245 | 1 | 0 |
_aAtatürk'ün uşağının gizli defteri / _cCemal Granda. |
| 264 |
_aİstanbul : _bMartı Ofset, _c2014. |
||
| 300 |
_a400 pages ; _c17 cm. |
||
| 336 |
_atext _2rdacontent _btxt |
||
| 337 |
_aunmediated _2rdamedia _bn |
||
| 338 |
_2rdacarrier _avolume _bnc |
||
| 490 | 0 |
_aDerin Tarih Kültür Yayınları ; _v15 |
|
| 600 | 1 | 0 |
_aAtatürk, Mustafa Kemal, _d1881-1938 _vAnecdotes _9104489 |
| 600 | 1 | 0 |
_aGranda, Cemal _vBiography _9119476 |
| 942 |
_2lcc _cBK |
||